Sobre TLC CA-USA /

Salvato in:
Dettagli Bibliografici
Autore principale: Cambronero Méndez, Lorenzo
Natura: testo
Tags: Aggiungi Tag
Nessun Tag, puoi essere il primo ad aggiungerne!!

MARC

LEADER 00000 a a2200000 04500
001 8231
003
040
100 |a Cambronero Méndez, Lorenzo  
245 |a Sobre TLC CA-USA /  |c Lorenzo Cambronero Méndez  
773 |g volumen 6, número 4; páginas 34-35  
999 |c 27214  |d 27214